| 000 | 00403cam a22001337a 4500 | ||
|---|---|---|---|
| 008 | 180718b1980 xxu||||| |||| 00| 0 eng d | ||
| 082 | _aA99 H151/H27 | ||
| 100 | _aHasan, Z. | ||
| 245 |
_aGandhi and Ruskin _cby Z. Hasan |
||
| 260 |
_aDelhi _bShree _c1980 |
||
| 300 | _a171p. | ||
| 650 | _aRuskin, John - Criticism and interpretation | ||
| 650 | _aGandhi, Mohandas Karamchand - Criticism and interpretation | ||
| 999 |
_c345732 _d345732 |
||